<?xml version="1.0" encoding="UTF-8"?>
<collection xmlns="http://www.loc.gov/MARC21/slim">
  <record>
    <leader>00000nam  2200000   4500</leader>
    <datafield tag="247" ind1="#" ind2="#">
      <subfield code="a"/>
    </datafield>
    <datafield tag="856" ind1="#" ind2="#">
      <subfield code="a"/>
    </datafield>
    <datafield tag="700" ind1=" " ind2="#">
      <subfield code="a"/>
    </datafield>
    <datafield tag="650" ind1=" " ind2="#">
      <subfield code="a">Tambang Ilegal</subfield>
    </datafield>
    <datafield tag="650" ind1=" " ind2="#">
      <subfield code="a">Pemanfaatan Lahan</subfield>
    </datafield>
    <datafield tag="520" ind1=" " ind2="#">
      <subfield code="a">Penindakan represif dan preventif yang dilaksanakan oleh Polri dalam menindak dan mencegah terjadinya pelanggaran hukum pertambangan ilegal tidak akan mendapatkan hasil yang optimal apabila akar permasalahan yakni pemenuhan kebutuhan ekonomi masyarakat yang menggantungkan kehidupannya dari pertambangan ilegal tidak terpenuhi. Untuk itu perlu dilakukan tindakan pre-emtif Kepolisian melalui Perpolisian Masyarakat yakni membangun kebijakan yang dapat mendorong masyarakat penambang ilegal secara sadar dan partisipatif mengalihkan mata pencahariannya kepada kegiatan perekonomian yang berkelanjutan dan ramah lingkungan dengan memanfaatkan lahan bekas tambang ilegal yang ada. Kebijakan yang dibangun ini tidak mungkin dilaksanakan hanya oleh Polri saja, namun diperlukan kolaborasi dari seluruh stakeholder agar strategi yang direncakan dapat terlaksana dengan baik dan memberikan hasil maksimal bagi kesejahteraan masyarakat yang pada akhirnya akan menciptakan keamanan dan ketertiban di dalam negeri.</subfield>
    </datafield>
    <datafield tag="321" ind1="#" ind2="#">
      <subfield code="a"/>
    </datafield>
    <datafield tag="310" ind1="#" ind2="#">
      <subfield code="a"/>
    </datafield>
    <datafield tag="300" ind1="#" ind2="#">
      <subfield code="a">46 hlm. :</subfield>
      <subfield code="b">ill. ;</subfield>
      <subfield code="c">30 cm</subfield>
      <subfield code="e"/>
    </datafield>
    <datafield tag="260" ind1="#" ind2="#">
      <subfield code="a">Jakarta :</subfield>
      <subfield code="b">Pusbangkom Pimnas dan Manajerial ASN. ;</subfield>
      <subfield code="c">2024</subfield>
    </datafield>
    <controlfield tag="001">$a INLIS000000000020860</controlfield>
    <datafield tag="245" ind1="#" ind2="#">
      <subfield code="a">Membangun Model Kebijakan Pemanfaatan Lahan Bekas Tambang Ilegal</subfield>
      <subfield code="b">solusi ekonomi berkelanjutan dan ramah lingkungan melalui perpolisian masyarakat</subfield>
      <subfield code="c">Eko Yudyanto</subfield>
    </datafield>
    <datafield tag="100" ind1=" " ind2="#">
      <subfield code="a">Eko Yudyanto</subfield>
    </datafield>
    <datafield tag="084" ind1="#" ind2="#">
      <subfield code="a">R 0074 PKN I 2024</subfield>
    </datafield>
    <datafield tag="082" ind1="#" ind2="#">
      <subfield code="a"/>
    </datafield>
    <datafield tag="035" ind1="#" ind2="#">
      <subfield code="a">0010-0426000017</subfield>
    </datafield>
    <datafield tag="020" ind1="#" ind2="#">
      <subfield code="a"/>
    </datafield>
    <controlfield tag="008">$a 260414################g##########0#ind##</controlfield>
    <controlfield tag="005">$a 20260414152312</controlfield>
  </record>
</collection>
